000 00983cam a2200301 i 4500
999 _c28829
_d28800
001 803719
003 EG-ScBUE
005 20200926114337.0
008 760515s1975 enk f b 001 0 eng d
020 _a0710080190
040 _aDLC
_beng
_erda
_cDLC
_dDLC
_dEG-ScBUE
082 0 4 _a300.1
_bBAI
_222
100 1 _aBailey, Joe,
_eauthor.
245 1 0 _aSocial theory for planning /
_cJoe Bailey, School of Sociology, Kingston Polytechnic.
264 1 _aLondon ;
_aBoston :
_bRoutledge & Kegan Paul,
_c1975.
300 _aviii, 167 pages ;
_c23 cm
336 _2rdacontent
_atext
_btxt
337 _2rdamedia
_aunmediated
_bn
338 _2rdacarrier
_avolume
_bnc
504 _aIncludes bibliographical references and index.
650 7 _aSociology.
_2BUEsh
650 7 _aSociology
_xMethodology.
_2BUEsh
650 7 _aPlanning.
_2BUEsh
653 _bHHUUEENN
_cSeptember2020
655 _vReading book
_934232
906 _a7
_bcbc
_corignew
_du
_encip
_f19
_gy-gencatlg
942 _2ddc
_cBB